[Event "4NCL/Div1/GUI1 vs. GUI2"]
[Site "Sunningdale ENG"]
[Date "2007.09.16"]
[Round "2.1"]
[White "Hebden, Mark L"]
[Black "Tissir, Mohamed"]
[Result "1-0"]
[WhiteElo "2540"]
[BlackElo "2444"]
[PlyCount "61"]
[EventDate "2007.09.16"]
[EventType "team"]
[EventRounds "11"]
[EventCountry "ENG"]
[SourceDate "2007.09.15"]
[WhiteTeam "Guildford-A&DC 1"]
[BlackTeam "Guildford-A&DC 2"]

1. d4 Nf6 2. Nf3 e6 3. c3 c5 4. Bg5 Nc6 5. e3 Qb6 6. Qb3 d5 7. Nbd2 Be7 8. Bf4
Qd8 9. h3 O-O 10. Ne5 Nxe5 11. dxe5 Nd7 12. c4 Nb6 13. Bd3 dxc4 14. Nxc4 Nd5
15. Rd1 Qc7 16. Be4 Nxf4 17. exf4 Rd8 18. Rxd8+ Qxd8 19. O-O Rb8 20. Rd1 Qc7
21. Nd6 Bf8 22. Qa4 a5 23. Qe8 Qe7 24. Qb5 Qc7 25. Nc4 b6 26. Nd6 h6 27. Bc6
Ba6 28. Qxa6 Qxc6 29. Qa7 Bxd6 30. exd6 Rd8 31. Qc7 1-0

[Event "4NCL/Div1/GUI1 vs. GUI2"]
[Site "Sunningdale ENG"]
[Date "2007.09.16"]
[Round "2.2"]
[White "Shaw, John K"]
[Black "Howell, David W L"]
[Result "0-1"]
[WhiteElo "2446"]
[BlackElo "2519"]
[PlyCount "42"]
[EventDate "2007.09.16"]
[EventType "team"]
[EventRounds "11"]
[EventCountry "ENG"]
[SourceDate "2007.09.15"]
[WhiteTeam "Guildford-A&DC 2"]
[BlackTeam "Guildford-A&DC 1"]

1. e4 e5 2. Nf3 Nc6 3. Bb5 g6 4. d4 exd4 5. Bg5 Be7 6. h4 Nf6 7. Bxc6 dxc6 8.
e5 Ng4 9. Bxe7 Qxe7 10. Qxd4 f6 11. Nbd2 fxe5 12. Qa4 O-O 13. O-O Be6 14. Rae1
Rad8 15. Re4 b5 16. Qa5 Bf5 17. Ree1 e4 18. Qxa7 Rxd2 19. Nxd2 Qd6 20. g3 Qxd2
21. Qc5 e3 0-1

[Event "4NCL/Div1/GUI1 vs. GUI2"]
[Site "Sunningdale ENG"]
[Date "2007.09.16"]
[Round "2.3"]
[White "King, Daniel J"]
[Black "Buckley, Graeme"]
[Result "0-1"]
[WhiteElo "2517"]
[BlackElo "2379"]
[PlyCount "44"]
[EventDate "2007.09.16"]
[EventType "team"]
[EventRounds "11"]
[EventCountry "ENG"]
[SourceDate "2007.09.15"]
[WhiteTeam "Guildford-A&DC 1"]
[BlackTeam "Guildford-A&DC 2"]

1. e4 c5 2. Nf3 e6 3. c3 d5 4. e5 Nc6 5. d4 Bd7 6. Be2 Nge7 7. O-O Rc8 8. a3
Nf5 9. dxc5 Bxc5 10. Bd3 Nh4 11. Nbd2 Bb6 12. Qe2 O-O 13. Nxh4 Qxh4 14. g3 Qh3
15. Nb3 f6 16. exf6 e5 17. Be3 e4 18. Bb5 Bg4 19. f3 exf3 20. Rxf3 Ne5 21. Nd2
Nxf3+ 22. Nxf3 Rxf6 0-1

[Event "4NCL/Div1/GUI1 vs. GUI2"]
[Site "Sunningdale ENG"]
[Date "2007.09.16"]
[Round "2.4"]
[White "Thompson, Ian D"]
[Black "Kosten, Anthony C"]
[Result "1/2-1/2"]
[WhiteElo "2322"]
[BlackElo "2508"]
[PlyCount "38"]
[EventDate "2007.09.16"]
[EventType "team"]
[EventRounds "11"]
[EventCountry "ENG"]
[SourceDate "2007.09.15"]
[WhiteTeam "Guildford-A&DC 2"]
[BlackTeam "Guildford-A&DC 1"]

1. c4 c5 2. g3 Nc6 3. Bg2 g6 4. Nc3 Bg7 5. e3 Nh6 6. Nge2 Nf5 7. d3 O-O 8. O-O
b6 9. b3 Bb7 10. Bb2 d6 11. Qd2 Qd7 12. Nd5 Rad8 13. Bxg7 Kxg7 14. Rad1 e6 15.
Ndc3 e5 16. Nd5 Nce7 17. Nxe7 Qxe7 18. Bxb7 Qxb7 19. e4 Ne7 1/2-1/2

[Event "4NCL/Div1/GUI1 vs. GUI2"]
[Site "Sunningdale ENG"]
[Date "2007.09.16"]
[Round "2.5"]
[White "Pert, Nicholas"]
[Black "Richardson, Keith B"]
[Result "1-0"]
[WhiteElo "2536"]
[BlackElo "2239"]
[PlyCount "103"]
[EventDate "2007.09.16"]
[EventType "team"]
[EventRounds "11"]
[EventCountry "ENG"]
[SourceDate "2007.09.15"]
[WhiteTeam "Guildford-A&DC 1"]
[BlackTeam "Guildford-A&DC 2"]

1. d4 g6 2. Nf3 Bg7 3. g3 c5 4. c3 cxd4 5. cxd4 d5 6. Nc3 Nf6 7. Bg2 O-O 8. Ne5
Nbd7 9. O-O e6 10. f4 a6 11. a4 b6 12. Qd3 Bb7 13. b4 Rc8 14. b5 a5 15. Ba3 Re8
16. Rac1 Bf8 17. Bxf8 Rxf8 18. Rc2 Nxe5 19. fxe5 Ne4 20. Nxe4 dxe4 21. Rxc8
Qxc8 22. Bxe4 Bxe4 23. Qxe4 Qc4 24. Rf4 Qxa4 25. Qc6 Qd1+ 26. Kf2 a4 27. d5
Qxd5 28. Qxd5 exd5 29. Rxa4 Re8 30. Ra6 Rxe5 31. Rxb6 d4 32. Rb8+ Kg7 33. b6
Re3 34. Rc8 Rb3 35. Rc6 h5 36. Ke1 Rb2 37. Kd1 Kh6 38. h4 Kg7 39. Kc1 Rb4 40.
Kc2 Kh6 41. Kd3 f5 42. e3 dxe3 43. Kxe3 Rg4 44. Kd3 Rxg3+ 45. Kc4 Rg1 46. Kb5
f4 47. Rf6 Rb1+ 48. Kc5 f3 49. Rxf3 Kg7 50. Rf4 Rxb6 51. Kxb6 g5 52. Rf5 1-0

[Event "4NCL/Div1/GUI1 vs. GUI2"]
[Site "Sunningdale ENG"]
[Date "2007.09.16"]
[Round "2.6"]
[White "Sharpe, Ian"]
[Black "Cherniaev, Alexander"]
[Result "1/2-1/2"]
[WhiteElo "2290"]
[BlackElo "2501"]
[PlyCount "148"]
[EventDate "2007.09.16"]
[EventType "team"]
[EventRounds "11"]
[EventCountry "ENG"]
[SourceDate "2007.09.15"]
[WhiteTeam "Guildford-A&DC 2"]
[BlackTeam "Guildford-A&DC 1"]

1. c4 Nf6 2. Nc3 e5 3. Nf3 d6 4. d4 e4 5. Ng5 Qe7 6. Qc2 Bf5 7. f3 Nc6 8. fxe4
Bg6 9. d5 Ne5 10. g3 c6 11. Bg2 Nxc4 12. dxc6 bxc6 13. Qa4 Ne5 14. O-O Nfd7 15.
Be3 Qd8 16. Nf3 Be7 17. Nxe5 Nxe5 18. Bd4 Qd7 19. Rad1 Qb7 20. Nd5 Bd8 21. Nf4
Bb6 22. Kh1 Bxd4 23. Rxd4 Rd8 24. Rfd1 O-O 25. Bf3 Qxb2 26. Rxd6 Rxd6 27. Rxd6
Qb6 28. Qd1 Re8 29. Nd5 Qc5 30. Ne7+ Kf8 31. Nf5 Bxf5 32. exf5 Ke7 33. Rd4 Rb8
34. Qd2 f6 35. Be4 h5 36. Kg2 h4 37. Qe3 h3+ 38. Kxh3 Rh8+ 39. Kg2 Rxh2+ 40.
Kg1 Rxe2 41. Qxe2 Qxd4+ 42. Kg2 Kd6 43. Qc2 Nc4 44. Kh3 c5 45. Qb1 Nb2 46. Bf3
Ke7 47. Be2 Kf8 48. Qh1 Qe5 49. Qa8+ Qe8 50. Qf3 Na4 51. Bc4 Nb6 52. Be6 g6 53.
Qe3 Qc6 54. Qh6+ Ke7 55. Qg7+ Kd6 56. Qxf6 Qh1+ 57. Kg4 Qh5+ 58. Kf4 Qh6+ 59.
Qg5 Qxg5+ 60. Kxg5 gxf5 61. Kxf5 c4 62. g4 c3 63. Bb3 Nd5 64. Ke4 Nb4 65. Ke3
Nc6 66. g5 Ke5 67. Kd3 Kf5 68. Kxc3 Kxg5 69. Kc4 Kf6 70. Kc5 Ne5 71. Kb5 Ke7
72. Ka6 Kd6 73. Kxa7 Kc5 74. a3 Kb5 1/2-1/2

[Event "4NCL/Div1/HKF1 vs. CAMB1"]
[Site "Sunningdale ENG"]
[Date "2007.09.16"]
[Round "2.1"]
[White "Gordon, Stephen J"]
[Black "Mah, Karl C C"]
[Result "1-0"]
[WhiteElo "2487"]
[BlackElo "2410"]
[PlyCount "63"]
[EventDate "2007.09.16"]
[EventType "team"]
[EventRounds "11"]
[EventCountry "ENG"]
[SourceDate "2007.09.15"]
[WhiteTeam "Hilsmark Kingfisher 1"]
[BlackTeam "Cambridge Univ. 1"]

1. d4 d5 2. Nf3 Nf6 3. c4 c6 4. Nc3 a6 5. a4 e6 6. Bg5 Be7 7. e3 a5 8. Bd3 Na6
9. e4 dxe4 10. Nxe4 Nb4 11. Nxf6+ Bxf6 12. Bxf6 Nxd3+ 13. Qxd3 Qxf6 14. O-O O-O
15. Rfe1 Qd8 16. Ra3 f6 17. Qe4 Bd7 18. Rd3 Re8 19. Qf4 Qb8 20. Qc1 b6 21. Nd2
Ra7 22. Ne4 e5 23. Rg3 Kf7 24. c5 Re7 25. dxe5 fxe5 26. Qc4+ Be6 27. Ng5+ Kf6
28. Nxh7+ Kf7 29. Ng5+ Kf6 30. Qh4 Bd5 31. Nh7+ Ke6 32. Qg4+ 1-0

[Event "4NCL/Div1/HKF1 vs. CAMB1"]
[Site "Sunningdale ENG"]
[Date "2007.09.16"]
[Round "2.2"]
[White "Moskovic, David M"]
[Black "Greet, Andrew N"]
[Result "1/2-1/2"]
[WhiteElo "2275"]
[BlackElo "2441"]
[PlyCount "132"]
[EventDate "2007.09.16"]
[EventType "team"]
[EventRounds "11"]
[EventCountry "ENG"]
[SourceDate "2007.09.15"]
[WhiteTeam "Cambridge Univ. 1"]
[BlackTeam "Hilsmark Kingfisher 1"]

1. e4 e5 2. f4 Bc5 3. Nc3 d6 4. Nf3 Nf6 5. Bc4 Nc6 6. d3 O-O 7. Na4 Bg4 8. Nxc5
dxc5 9. O-O Qd6 10. h3 Bxf3 11. Qxf3 b5 12. Bb3 c4 13. dxc4 bxc4 14. Ba4 Nd4
15. Qd1 Ne6 16. Qxd6 cxd6 17. Be3 Nxe4 18. fxe5 N4c5 19. Bb5 d5 20. b4 Rab8 21.
Bxc5 Nxc5 22. Bc6 Rxb4 23. c3 Rb6 24. Bxd5 Nd3 25. Bxc4 Nxe5 26. Bd5 Re8 27.
Rae1 Kf8 28. c4 f6 29. Re3 Rb4 30. Ra3 Re7 31. Rc1 Rc7 32. Rb3 Ra4 33. c5 Ke7
34. Rb8 Nd3 35. Rc3 Rd4 36. Be4 Rxe4 37. Rxd3 Rc4 38. Ra3 R4xc5 39. Ra8 Ke6 40.
R3xa7 g5 41. Re8+ Kf5 42. Rxc7 Rxc7 43. Re3 Rc1+ 44. Kf2 Ra1 45. a3 h5 46. Rb3
Ra2+ 47. Kf3 g4+ 48. Kg3 Kg5 49. Rb5+ f5 50. h4+ Kf6 51. Ra5 Rb2 52. a4 Ra2 53.
Ra8 Rc2 54. Rf8+ Kg6 55. Rg8+ Kf7 56. Rg5 Kf6 57. Rxh5 Rc3+ 58. Kh2 Ra3 59.
Rh6+ Ke5 60. Rb6 Rxa4 61. g3 Ra2+ 62. Kg1 f4 63. Rb5+ Ke4 64. Rb4+ Kf3 65. Rb3+
Ke4 66. Rb4+ Kf3 1/2-1/2

[Event "4NCL/Div1/HKF1 vs. CAMB1"]
[Site "Sunningdale ENG"]
[Date "2007.09.16"]
[Round "2.3"]
[White "Hanley, Craig A"]
[Black "Garner, David"]
[Result "1-0"]
[WhiteElo "2436"]
[BlackElo "2188"]
[PlyCount "27"]
[EventDate "2007.09.16"]
[EventType "team"]
[EventRounds "11"]
[EventCountry "ENG"]
[SourceDate "2007.09.15"]
[WhiteTeam "Hilsmark Kingfisher 1"]
[BlackTeam "Cambridge Univ. 1"]

1. e4 e6 2. d4 d5 3. Nd2 Nf6 4. e5 Nfd7 5. Bd3 c5 6. c3 Nc6 7. Ngf3 g6 8. h4
cxd4 9. cxd4 f6 10. exf6 Qxf6 11. h5 Nxd4 12. Nxd4 Qxd4 13. Nf3 Qg4 14. Rh4 1-0

[Event "4NCL/Div1/HKF1 vs. CAMB1"]
[Site "Sunningdale ENG"]
[Date "2007.09.16"]
[Round "2.4"]
[White "Conlon, Joe"]
[Black "Briscoe, Christopher"]
[Result "1/2-1/2"]
[WhiteElo "2201"]
[BlackElo "2224"]
[PlyCount "91"]
[EventDate "2007.09.16"]
[EventType "team"]
[EventRounds "11"]
[EventCountry "ENG"]
[SourceDate "2007.09.15"]
[WhiteTeam "Cambridge Univ. 1"]
[BlackTeam "Hilsmark Kingfisher 1"]

1. e4 c5 2. Nf3 d6 3. d4 cxd4 4. Nxd4 Nf6 5. Nc3 a6 6. f4 e5 7. Nf3 Nbd7 8. a4
Be7 9. Bc4 O-O 10. O-O Qc7 11. Qe2 exf4 12. Bxf4 Ne5 13. Bb3 Bg4 14. Kh1 Rac8
15. Rad1 Rfe8 16. h3 Be6 17. Nd5 Bxd5 18. exd5 Nc4 19. Rd4 Na5 20. Qd3 Nd7 21.
Ng5 Bxg5 22. Bxg5 Ne5 23. Qf5 Qd7 24. Qxd7 Nxd7 25. Bf4 Ne5 26. Re1 Nxb3 27.
cxb3 f6 28. Bxe5 fxe5 29. Rc4 Rxc4 30. bxc4 Kf7 31. g4 e4 32. Rf1+ Kg6 33. a5
h5 34. Kg2 Re7 35. gxh5+ Kxh5 36. b4 Rc7 37. c5 Kg5 38. Rc1 Kf4 39. Kf2 Ke5 40.
cxd6 Rf7+ 41. Ke3 Rf3+ 42. Ke2 Kxd6 43. Rg1 Rb3 44. Rxg7 Rxb4 45. h4 Kxd5 46.
h5 1/2-1/2

[Event "4NCL/Div1/HKF1 vs. CAMB1"]
[Site "Sunningdale ENG"]
[Date "2007.09.16"]
[Round "2.5"]
[White "Tavoularis, Nicholas"]
[Black "Churm, Rohan M"]
[Result "1-0"]
[WhiteElo "2276"]
[BlackElo "2178"]
[PlyCount "97"]
[EventDate "2007.09.16"]
[EventType "team"]
[EventRounds "11"]
[EventCountry "ENG"]
[SourceDate "2007.09.15"]
[WhiteTeam "Hilsmark Kingfisher 1"]
[BlackTeam "Cambridge Univ. 1"]

1. e4 e6 2. d4 d5 3. Nc3 Nf6 4. Bg5 Be7 5. e5 Nfd7 6. Bxe7 Qxe7 7. f4 O-O 8.
Nf3 c5 9. dxc5 Nxc5 10. Qd2 Nc6 11. O-O-O Bd7 12. Bd3 f6 13. exf6 Qxf6 14. g3
Be8 15. Qf2 Nxd3+ 16. Rxd3 Rc8 17. Rd2 b5 18. Re1 b4 19. Nb5 Bg6 20. Qe3 Na5
21. Ne5 Nc4 22. Nxc4 dxc4 23. Qxe6+ Qxe6 24. Rxe6 c3 25. bxc3 bxc3 26. Rde2
Rfd8 27. Rd6 Rxd6 28. Nxd6 Rc6 29. Nb5 a6 30. Nd4 Rd6 31. Nf3 Bh5 32. Re3 Rc6
33. Ne5 Rc8 34. Rd3 h6 35. Rd6 Be2 36. Rc6 Rxc6 37. Nxc6 Kf7 38. Nd4 Bc4 39. a3
Kf6 40. Kd1 g5 41. Ke1 gxf4 42. gxf4 Kg6 43. Kf2 Kh5 44. Kg3 Bf1 45. h4 Bc4 46.
f5 a5 47. a4 Bd3 48. Ne6 Bxf5 49. Nf4# 1-0

[Event "4NCL/Div1/HKF1 vs. CAMB1"]
[Site "Sunningdale ENG"]
[Date "2007.09.16"]
[Round "2.7"]
[White "McFarland, Robert S"]
[Black "Beckett, Chris J"]
[Result "1/2-1/2"]
[WhiteElo "2232"]
[BlackElo "2106"]
[PlyCount "24"]
[EventDate "2007.09.16"]
[EventType "team"]
[EventRounds "11"]
[EventCountry "ENG"]
[SourceDate "2007.09.15"]
[WhiteTeam "Hilsmark Kingfisher 1"]
[BlackTeam "Cambridge Univ. 1"]

1. Nf3 b5 2. g3 Bb7 3. Bg2 c5 4. b3 Nf6 5. O-O e6 6. c4 bxc4 7. bxc4 Be7 8. Nc3
Na6 9. Rb1 Bc6 10. d3 O-O 11. Bd2 d6 12. a3 Qd7 1/2-1/2

[Event "4NCL/Div1/HKF1 vs. CAMB1"]
[Site "Sunningdale ENG"]
[Date "2007.09.16"]
[Round "2.8"]
[White "Broomfield, Lucy"]
[Black "Klein, Cornelia"]
[Result "1-0"]
[WhiteElo "1981"]
[BlackElo "1883"]
[PlyCount "141"]
[EventDate "2007.09.16"]
[EventType "team"]
[EventRounds "11"]
[EventCountry "ENG"]
[SourceDate "2007.09.15"]
[WhiteTeam "Cambridge Univ. 1"]
[BlackTeam "Hilsmark Kingfisher 1"]

1. e4 e5 2. Nf3 Nc6 3. Bc4 Bc5 4. d3 h6 5. c3 Nf6 6. O-O d6 7. h3 O-O 8. Re1
Be6 9. Nbd2 Bxc4 10. Nxc4 b5 11. Ne3 Ne7 12. Nc2 Bb6 13. d4 exd4 14. cxd4 Re8
15. Qd3 a6 16. Bd2 Ng6 17. Nb4 c5 18. Nc6 Qc7 19. d5 Nd7 20. Qc2 Nde5 21. Nfxe5
Nxe5 22. Nxe5 Rxe5 23. Bc3 Re7 24. b3 c4 25. Qb2 f6 26. Rac1 Qc5 27. bxc4 bxc4
28. Bb4 Qb5 29. Qc3 Rc8 30. Rc2 Rd7 31. Rec1 a5 32. Ba3 Qa6 33. Qg3 Bd4 34. Qg4
Rdc7 35. Qe6+ Kh8 36. Qxd6 Qxd6 37. Bxd6 Rd7 38. Bf4 c3 39. Bd2 Re8 40. Bxc3
Bxc3 41. Rxc3 Rxe4 42. Rd1 Re5 43. d6 Re6 44. Rcd3 Re4 45. f3 Rb4 46. a3 Rb6
47. f4 g6 48. g4 Kg7 49. f5 gxf5 50. gxf5 a4 51. Rd4 h5 52. Kf2 Rb5 53. Rd5
Rb2+ 54. Kg3 Rb3+ 55. R1d3 Kh6 56. Kh4 Rb6 57. R5d4 Rb5 58. Rd5 Rb6 59. R5d4
Ra6 60. Kg3 Rg7+ 61. Kf4 Rd7 62. h4 Kh7 63. Ke4 Rb6 64. Rxa4 Rbxd6 65. Rxd6
Rxd6 66. Ra7+ Kg8 67. a4 Rb6 68. a5 Rb4+ 69. Kd5 Rb8 70. Ke6 Rf8 71. a6 1-0

[Event "4NCL/Div1/SLOS1 vs. BAR1"]
[Site "Sunningdale ENG"]
[Date "2007.09.16"]
[Round "2.1"]
[White "Smolen, Jan"]
[Black "Parker, Jonathan"]
[Result "0-1"]
[WhiteElo "2438"]
[BlackElo "2527"]
[PlyCount "38"]
[EventDate "2007.09.16"]
[EventType "team"]
[EventRounds "11"]
[EventCountry "ENG"]
[SourceDate "2007.09.15"]
[WhiteTeam "Slough Sharks 1"]
[BlackTeam "Barbican 4NCL 1"]

1. e4 e5 2. Nf3 Nc6 3. d4 exd4 4. Bc4 Nf6 5. e5 Ne4 6. O-O d5 7. Bb5 Bg4 8.
Qxd4 Qd7 9. Bxc6 Qxc6 10. Nbd2 Rd8 11. Qd3 Nc5 12. Qe3 Ne6 13. Qxa7 d4 14. b4
Bxb4 15. Rb1 Bxd2 16. Nxd2 b6 17. Qa3 Bf5 18. Bb2 Ra8 19. Qb4 Ra4 0-1

[Event "4NCL/Div1/SLOS1 vs. BAR1"]
[Site "Sunningdale ENG"]
[Date "2007.09.16"]
[Round "2.3"]
[White "Bezuch, Martin"]
[Black "Cox, John J"]
[Result "0-1"]
[WhiteElo "2238"]
[BlackElo "2381"]
[PlyCount "56"]
[EventDate "2007.09.16"]
[EventType "team"]
[EventRounds "11"]
[EventCountry "ENG"]
[SourceDate "2007.09.15"]
[WhiteTeam "Slough Sharks 1"]
[BlackTeam "Barbican 4NCL 1"]

1. e4 e5 2. Nf3 Nc6 3. Bc4 Bc5 4. c3 Nf6 5. d4 exd4 6. cxd4 Bb4+ 7. Bd2 Bxd2+
8. Nbxd2 Nxe4 9. Nxe4 d5 10. Bb5 dxe4 11. Ne5 O-O 12. Nxc6 bxc6 13. Bxc6 Rb8
14. O-O f5 15. Qa4 Rxb2 16. Rfb1 Rxb1+ 17. Rxb1 Qd6 18. Qc4+ Be6 19. d5 Bf7 20.
a4 Rd8 21. Rb5 Qe5 22. h3 f4 23. Rb4 e3 24. Qxf4 Qa1+ 25. Kh2 e2 26. Qxc7 Rf8
27. Rb8 e1=Q 28. Rxf8+ Kxf8 0-1

[Event "4NCL/Div1/SLOS1 vs. BAR1"]
[Site "Sunningdale ENG"]
[Date "2007.09.16"]
[Round "2.4"]
[White "Collins, Sam"]
[Black "Rees, Ioan"]
[Result "1/2-1/2"]
[WhiteElo "2405"]
[BlackElo "2259"]
[PlyCount "91"]
[EventDate "2007.09.16"]
[EventType "team"]
[EventRounds "11"]
[EventCountry "ENG"]
[SourceDate "2007.09.15"]
[WhiteTeam "Barbican 4NCL 1"]
[BlackTeam "Slough Sharks 1"]

1. Nf3 c5 2. c4 Nf6 3. g3 Nc6 4. Nc3 d5 5. d4 e6 6. cxd5 exd5 7. Bg2 Be7 8. O-O
O-O 9. Bg5 cxd4 10. Nxd4 h6 11. Be3 Be6 12. Na4 Nxd4 13. Bxd4 Qa5 14. a3 Rfd8
15. b4 Qb5 16. Nc3 Qd7 17. Qa4 Qxa4 18. Nxa4 b6 19. Nc3 Rac8 20. e3 Bf5 21.
Rad1 Ne4 22. Nb5 Rd7 23. Rc1 Rc4 24. Nc3 Nxc3 25. Rxc3 Rdc7 26. Rb3 Bc2 27. Rb2
Bd3 28. Bxd5 Bxf1 29. Kxf1 Rc2 30. Rb3 Bf6 31. Rd3 Bxd4 32. Rxd4 Kf8 33. b5 Rd7
34. e4 Ke7 35. h4 g5 36. hxg5 hxg5 37. Kg2 Kf6 38. Rd3 g4 39. Rd1 Rc3 40. Rh1
Rxa3 41. Rh5 Kg6 42. Rh4 Kg5 43. Rh8 Rf3 44. Rg8+ Kh5 45. Rh8+ Kg5 46. Rg8+
1/2-1/2

[Event "4NCL/Div1/SLOS1 vs. BAR1"]
[Site "Sunningdale ENG"]
[Date "2007.09.16"]
[Round "2.6"]
[White "Devereaux, Maxim"]
[Black "Marlow, Michael"]
[Result "1/2-1/2"]
[WhiteElo "2350"]
[BlackElo "2267"]
[PlyCount "43"]
[EventDate "2007.09.16"]
[EventType "team"]
[EventRounds "11"]
[EventCountry "ENG"]
[SourceDate "2007.09.15"]
[WhiteTeam "Barbican 4NCL 1"]
[BlackTeam "Slough Sharks 1"]

1. Nf3 Nf6 2. c4 g6 3. g3 Bg7 4. Nc3 O-O 5. Bg2 d6 6. O-O e5 7. d3 c5 8. Rb1
Nc6 9. a3 Rb8 10. b4 h6 11. Ne1 Be6 12. Nc2 Qd7 13. Ne3 Bh3 14. Ned5 Bxg2 15.
Kxg2 Nxd5 16. Nxd5 Ne7 17. e4 Nxd5 18. cxd5 b6 19. f4 exf4 20. Bxf4 f5 21. Qe2
Rbe8 22. Qc2 1/2-1/2

[Event "4NCL/Div1/SLOS1 vs. BAR1"]
[Site "Sunningdale ENG"]
[Date "2007.09.16"]
[Round "2.7"]
[White "Kahar, Krunal"]
[Black "Pritchett, Craig W"]
[Result "0-1"]
[WhiteElo "2197"]
[BlackElo "2316"]
[PlyCount "30"]
[EventDate "2007.09.16"]
[EventType "team"]
[EventRounds "11"]
[EventCountry "ENG"]
[SourceDate "2007.09.15"]
[WhiteTeam "Slough Sharks 1"]
[BlackTeam "Barbican 4NCL 1"]

1. Nf3 c5 2. b3 Nf6 3. Bb2 Nc6 4. e3 e6 5. Be2 d5 6. O-O Be7 7. d4 cxd4 8. Nxd4
O-O 9. c4 Bd7 10. Nc3 dxc4 11. Bxc4 Qa5 12. e4 Rfd8 13. Nxc6 Bxc6 14. Qe2 Bb4
15. Rfc1 Qg5 0-1

[Event "4NCL/Div1/WGR vs. RIC"]
[Site "Sunningdale ENG"]
[Date "2007.09.16"]
[Round "2.1"]
[White "Turner, Matthew J"]
[Black "Gormally, Daniel W"]
[Result "1/2-1/2"]
[WhiteElo "2483"]
[BlackElo "2509"]
[PlyCount "27"]
[EventDate "2007.09.16"]
[EventType "team"]
[EventRounds "11"]
[EventCountry "ENG"]
[SourceDate "2007.09.15"]
[WhiteTeam "Wood Green"]
[BlackTeam "Richmond"]

1. d4 d5 2. c4 c6 3. Nf3 Nf6 4. e3 e6 5. Nbd2 Nbd7 6. Bd3 Bd6 7. O-O O-O 8. e4
dxe4 9. Nxe4 Nxe4 10. Bxe4 h6 11. b3 e5 12. dxe5 Nxe5 13. Bb2 Qf6 14. Nxe5
1/2-1/2

[Event "4NCL/Div1/WGR vs. RIC"]
[Site "Sunningdale ENG"]
[Date "2007.09.16"]
[Round "2.2"]
[White "Bates, Richard A"]
[Black "Sowray, Peter J"]
[Result "1-0"]
[WhiteElo "2378"]
[BlackElo "2352"]
[PlyCount "81"]
[EventDate "2007.09.16"]
[EventType "team"]
[EventRounds "11"]
[EventCountry "ENG"]
[SourceDate "2007.09.15"]
[WhiteTeam "Richmond"]
[BlackTeam "Wood Green"]

1. d4 g6 2. Nf3 Bg7 3. g3 d6 4. Bg2 Nd7 5. O-O e5 6. e4 Ngf6 7. Re1 O-O 8. h3
c6 9. c3 Re8 10. Nbd2 Qc7 11. b3 b5 12. Bb2 Bb7 13. Qc2 a6 14. a4 Rac8 15. Rad1
c5 16. d5 c4 17. b4 a5 18. bxa5 Qxa5 19. axb5 Qxb5 20. Bf1 Nb6 21. Ra1 Qd7 22.
Reb1 Rb8 23. Bc1 Ba8 24. Rb4 Rec8 25. Rab1 Qc7 26. Nxc4 Nfd7 27. Nxb6 Rxb6 28.
Rxb6 Nxb6 29. c4 Nd7 30. Be3 Nc5 31. Rb5 Nd7 32. Qb1 h6 33. h4 Rd8 34. Nd2 Rf8
35. Bh3 Kh7 36. Kh2 Re8 37. Qa2 Nf6 38. Qa7 Qd8 39. Bb6 Re7 40. Qa3 Qb8 41. Bc5
1-0

[Event "4NCL/Div1/WGR vs. RIC"]
[Site "Sunningdale ENG"]
[Date "2007.09.16"]
[Round "2.3"]
[White "Tiller, Bjorn"]
[Black "Wall, Gavin"]
[Result "1/2-1/2"]
[WhiteElo "2382"]
[BlackElo "2328"]
[PlyCount "85"]
[EventDate "2007.09.16"]
[EventType "team"]
[EventRounds "11"]
[EventCountry "ENG"]
[SourceDate "2007.09.15"]
[WhiteTeam "Wood Green"]
[BlackTeam "Richmond"]

1. e4 c5 2. d3 Nc6 3. f4 d5 4. Be2 dxe4 5. dxe4 Qxd1+ 6. Bxd1 b6 7. Nf3 Bb7 8.
Be3 g6 9. c3 Bh6 10. g4 O-O-O 11. g5 Bg7 12. Nbd2 h6 13. Bb3 e6 14. O-O-O Na5
15. Bc2 hxg5 16. Nxg5 Nh6 17. Rhg1 Rd7 18. a3 Ba6 19. h4 Rhd8 20. Ba4 Rd3 21.
Bf2 Bf8 22. Bc2 R3d7 23. Ndf3 Rxd1+ 24. Bxd1 Bd6 25. Ne5 Bxe5 26. fxe5 Bd3 27.
Be3 Rh8 28. b3 c4 29. b4 Nc6 30. Bf4 Nd8 31. h5 gxh5 32. Bxh5 Kd7 33. Bf3 Ng8
34. Kd2 Ne7 35. Ke3 Nec6 36. Bg4 Ne7 37. Bg3 Ng6 38. Nf3 Nc6 39. Ra1 Rg8 40.
Bh5 Rh8 41. Bg4 Rg8 42. Bh5 Rh8 43. Bg4 1/2-1/2

[Event "4NCL/Div1/WGR vs. RIC"]
[Site "Sunningdale ENG"]
[Date "2007.09.16"]
[Round "2.4"]
[White "Bisby, Daniel L"]
[Black "Pein, Malcolm"]
[Result "1/2-1/2"]
[WhiteElo "2276"]
[BlackElo "2395"]
[PlyCount "34"]
[EventDate "2007.09.16"]
[EventType "team"]
[EventRounds "11"]
[EventCountry "ENG"]
[SourceDate "2007.09.15"]
[WhiteTeam "Richmond"]
[BlackTeam "Wood Green"]

1. e4 e5 2. Nf3 Nc6 3. Bc4 Nf6 4. d3 Bc5 5. c3 a6 6. Nbd2 Ba7 7. Bb3 d6 8. h3
O-O 9. Nf1 d5 10. Qe2 dxe4 11. dxe4 Be6 12. Bg5 Bxb3 13. axb3 Qd6 14. Rd1 Qe6
15. Bxf6 Qxf6 16. Ne3 Bxe3 17. Qxe3 Rfd8 1/2-1/2

[Event "4NCL/Div1/WGR vs. RIC"]
[Site "Sunningdale ENG"]
[Date "2007.09.16"]
[Round "2.5"]
[White "Law, Andrew P"]
[Black "Franklin, Michael J"]
[Result "1/2-1/2"]
[WhiteElo "2308"]
[BlackElo "2230"]
[PlyCount "37"]
[EventDate "2007.09.16"]
[EventType "team"]
[EventRounds "11"]
[EventCountry "ENG"]
[SourceDate "2007.09.15"]
[WhiteTeam "Wood Green"]
[BlackTeam "Richmond"]

1. Nf3 Nf6 2. c4 e6 3. Nc3 d5 4. d4 Be7 5. Bg5 Nbd7 6. e3 Ne4 7. Bxe7 Qxe7 8.
Qc2 Nxc3 9. Qxc3 c6 10. Bd3 O-O 11. O-O Re8 12. e4 dxc4 13. Bxc4 b5 14. Bd3 Bb7
15. Rfe1 a6 16. Rad1 a5 17. Qd2 b4 18. Qf4 Rac8 19. Ne5 1/2-1/2

[Event "4NCL/Div1/WGR vs. RIC"]
[Site "Sunningdale ENG"]
[Date "2007.09.16"]
[Round "2.6"]
[White "Nixon, Thomas C M"]
[Black "Lee, Graham D"]
[Result "0-1"]
[WhiteElo "2211"]
[BlackElo "2276"]
[PlyCount "66"]
[EventDate "2007.09.16"]
[EventType "team"]
[EventRounds "11"]
[EventCountry "ENG"]
[SourceDate "2007.09.15"]
[WhiteTeam "Richmond"]
[BlackTeam "Wood Green"]

1. d4 Nf6 2. c4 c5 3. d5 e5 4. Nc3 d6 5. e4 Be7 6. h3 Nbd7 7. Be3 O-O 8. Bd3
Ne8 9. Qd2 g6 10. g4 Ng7 11. Nge2 f5 12. gxf5 gxf5 13. exf5 Nxf5 14. Qc2 Nxe3
15. Bxh7+ Kh8 16. fxe3 Bg5 17. O-O-O Bxe3+ 18. Kb1 Qh4 19. Bd3 Nf6 20. Rdf1 Bd7
21. Rf3 Bh6 22. Ng3 Nxd5 23. Rxf8+ Rxf8 24. Nxd5 Qxg3 25. Ne7 Rf2 26. Qb3 Rh2
27. Rd1 Qf3 28. Bc2 Rxh3 29. Qxf3 Rxf3 30. Rg1 Bg5 31. Be4 Re3 32. Ng6+ Kg7 33.
Bc2 e4 0-1